Statistiche per Maggior numero di Vittorie senza vincere il mondiale in Formula 1

Clicka qui per fare il quiz!

Statistiche generali

  • Questo quiz è stato fatto 4 volte
  • Il punteggio medio è 6 su 11

Statistiche sulle risposte

NazionePilotaGran premi vinti% Corretto
BrasileRubens Barrichello11
100%
AustraliaDaniel Ricciardo8
75%
BrasileFelipe Massa11
75%
FinlandiaValtteri Bottas10
75%
AustraliaMark Webber9
50%
SveziaRonnie Peterson10
50%
ArgentinaCarlos Reutemann12
25%
Regno UnitoDavid Coulthard13
25%
AustriaGerhard Berger10
25%
BelgioJacky Ickx8
25%
Regno UnitoStirling Moss16
25%

Distribuzione punteggi

Percentile per numero di risposta

Percentuale di utenti per punteggio

I tuoi punteggi nel tempo

Non hai fatto questo quiz